Hirohito and the making of modern Japan / (Record no. 200043595)
[ view plain ]
| 000 -LEADER | |
|---|---|
| fixed length control field | 00801 a2200253 4500 |
| 001 - CONTROL NUMBER | |
| control field | 200043595 |
| 003 - CONTROL NUMBER IDENTIFIER | |
| control field | TR-AnTOB |
| 005 - DATE AND TIME OF LATEST TRANSACTION | |
| control field | 20230911100709.0 |
| 020 ## - INTERNATIONAL STANDARD BOOK NUMBER | |
| International Standard Book Number | 006019314x |
| 040 ## - CATALOGING SOURCE | |
| Original cataloging agency | TR-AnTOB |
| 041 ## - LANGUAGE CODE | |
| Language code of text/sound track or separate title | İngilizce |
| 050 00 - LIBRARY OF CONGRESS CALL NUMBER | |
| Classification number | DS889.8 |
| Item number | .B59 2000 |
| 090 ## - LOCALLY ASSIGNED LC-TYPE CALL NUMBER (OCLC); LOCAL CALL NUMBER (RLIN) | |
| Classification number (OCLC) (R) ; Classification number, CALL (RLIN) (NR) | DS889.8 .B59 2000 |
| 100 1# - MAIN ENTRY--PERSONAL NAME | |
| Personal name | Bix, Herbert P. |
| 9 (RLIN) | 78775 |
| 245 10 - TITLE STATEMENT | |
| Title | Hirohito and the making of modern Japan / |
| Statement of responsibility, etc. | Herbert P. Bix. |
| 264 #1 - PRODUCTION, PUBLICATION, DISTRIBUTION, MANUFACTURE, AND COPYRIGHT NOTICE | |
| Place of production, publication, distribution, manufacture | New York, NY : |
| Name of producer, publisher, distributor, manufacturer | HarperCollinsPublishers, |
| Date of production, publication, distribution, manufacture, or copyright notice | c2000. |
| 300 ## - PHYSICAL DESCRIPTION | |
| Extent | xi, 800 p., [16] p. of plates : |
| Other physical details | ill., maps ; |
| Dimensions | 25 cm. |
| 504 ## - BIBLIOGRAPHY, ETC. NOTE | |
| Bibliography, etc. note | |
| 600 00 - SUBJECT ADDED ENTRY--PERSONAL NAME | |
| Personal name | Hirohito, |
| Titles and other words associated with a name | Emperor of Japan, |
| Dates associated with a name | 1901-1989 |
| 9 (RLIN) | 78776 |
| 650 #0 - SUBJECT ADDED ENTRY--TOPICAL TERM | |
| Topical term or geographic name entry element | Emperors |
| Geographic subdivision | Japan |
| Form subdivision | Biography |
| 9 (RLIN) | 78777 |
| 651 #0 - SUBJECT ADDED ENTRY--GEOGRAPHIC NAME | |
| Geographic name | Japan |
| General subdivision | History |
| Chronological subdivision | Shōwa period, 1926-1989 |
| 9 (RLIN) | 78778 |
| 942 ## - ADDED ENTRY ELEMENTS (KOHA) | |
| Koha item type | Book |
| Withdrawn status | Lost status | Source of classification or shelving scheme | Not for loan | Collection code | Home library | Current library | Shelving location | Date acquired | Source of acquisition | Cost, normal purchase price | Serial Enumeration / chronology | Inventory number | Total Checkouts | Total Holds | Full call number | Barcode | Date last seen | Date last checked out | Copy number | Cost, replacement price | Date shelved | Koha item type |
|---|---|---|---|---|---|---|---|---|---|---|---|---|---|---|---|---|---|---|---|---|---|---|
| Ödünç Verilebilir / Available | Genel Koleksiyon | Merkez Kütüphane | Merkez Kütüphane | Genel Koleksiyon / Main Collection | 24/11/2011 | Satın Alma / Purchase | 0.00 | 1 | TAR | 1 | DS889.8 .B59 2000 | 0038057 | 25/07/2018 | 20/07/2018 | 1 | 21.86 | 16/11/2011 | Book |
